000 00355nam a2200133Ia 4500
008 150201s2008 xx 000 0 und d
082 _a616.84
_bN08B
100 _aBRADLEY,WALTER G
245 _aPOCKET COMPAINION TO NEUROLOGY IN CLINICAL PRACTICE
250 _a4TH
260 _bELSEVIER
_aDELHI
_c2008
650 _aMEDICINE AND DIAGNOSIS
942 _2ddc
_cBK
999 _c814
_d814